01012nam a2200217 a 450000100100000000500170001000800410002704000250006810000260009324000380011924501740015726000540033130000200038550000520040550001050045770000320056270000350059471000430062995201050067299900170077700003513420200930074127.0111025s1917 sp 000 0 spa d aDO-SdBNPbspacBNPHU1 aJover, Gonzalo96083410aJudith, la viuda hebrea.kLibreto10aJudith, la viuda hebrea :bopereta bufo-trágica en un acto y cinco cuadros /c/ coriginal de Gonzalo Jover y Juan Eugenio Morant ; música del maestro José Padilla. aMadrid :bSociedad de Autores Españoles,c1917. a40 p. ;c21 cm. aaIncluye relación de obras de los libretistas aEstrenada con gran éxito en el Teatro Victoria de Barcelona, la noche del 21 de Septiembre de 19171 aMorant, Juan Eugenio9608351 aPadilla, Joséemús.9608362 aSociedad de Autores Españoles960837 001050718MOaGRbGRcHDd2011-10-25iLF1l0o p35134-10r2020-06-25w2020-06-25y1ZNo se presta c34625d34625